000 01046nam a2200265Ia 4500
999 _c45136
_d45136
001 11959
003 GE_BSU
005 20221114105433.0
008 181216s2013||||enk|||||||||||||| ||eng||
020 _a9781845413811x
040 _cGE_BSU
041 _aeng
080 _a338.48 N-52
100 _aNewsome, David
_914759
245 _aNatural Area Tourism:
_bEcology, Impacts and Management /
_cDavid Newsome, Dr. Susan A. Moore, Ross K. Dowling.
264 _aBristol :
_bChannel View Publications Ltd,
_c2013.
300 _a457p.:
_bill.;
_c24 cm.
653 _aბუნებრივი ტერიტორიის ტურიზმი
653 _aეკოლოგია, ზემოქმედება და მენეჯმენტი
653 _aТуризм в природных зонах
653 _aэкология, воздействие и управление
700 _aMoore, Susan A.
_eავტორი
_914760
700 _aDowling, Ross K.
_eავტორი
_914761
942 _cBK
_2udc